000 01158nam a2200277 a 4500
001 77129
003 BD-RjUL
005 20211209082929.0
008 200225m19701969ii ||||| |||| 00| 0 ben d
020 _c: IRs. 13.00 (V-3 )
020 _c: IRs. 10.00 (V-5 )
035 _a(BD-RjUL)77353
040 _aBD-RjUL
_bben
_cBD-RjUL
_dBD-RjUL
041 _aben
082 _223
_a294.5092254
_bROB V-1-12 1969-1970
100 1 _aরায়, শঙ্করনাথ
_9119563
245 1 0 _aভারতের সাধক /
_cশঙ্করনাথ রায়
250 _a৫ম সং
260 _aকলিকাতা :
_bকরুণা প্রকাশনী,
_c১৯৬৯ ( ১৩৭৬) -- ১৯৭০
300 _a খন্ড. ;
_c২১ সেমি.
500 _a"১৩৭০ সালে রবীন্দ্র পুরস্কার জয়ী মহান জীবনীগ্রন্থ"
505 0 _aখণ্ড ৩ --- খণ্ড ৫ --
650 _aসাধক
_zভারত
_xসংগৃহীত জীবনী
_9163843
650 _aSaints
_zIndian
_xCollected Biography
_9163844
942 _2ddc
_cBK
999 _c77129
_d77129